| 000 -LEADER |
| fixed length control field |
01006cam a2200229 i 4500 |
| 003 - CONTROL NUMBER IDENTIFIER |
| control field |
OSt |
| 005 - DATE AND TIME OF LATEST TRANSACTION |
| control field |
20200317111405.0 |
| 008 - FIXED-LENGTH DATA ELEMENTS--GENERAL INFORMATION |
| fixed length control field |
160602s2017 enka b 001 0deng |
| 020 ## - INTERNATIONAL STANDARD BOOK NUMBER |
| International Standard Book Number |
9781472475305 (hardback : alk. paper) |
| 082 00 - DEWEY DECIMAL CLASSIFICATION NUMBER |
| Classification number |
720.922 |
| Edition number |
23 |
| Item number |
WOO |
| 100 1# - MAIN ENTRY--PERSONAL NAME |
| Personal name |
Woods, Mary N., |
| Dates associated with a name |
1950- |
| Relator term |
author. |
| 245 10 - TITLE STATEMENT |
| Title |
Women architects in India : |
| Remainder of title |
histories of practice in Mumbai and Delhi / |
| Statement of responsibility, etc |
Mary N. Woods. |
| 300 ## - PHYSICAL DESCRIPTION |
| Extent |
xiii, 221 pages : |
| Other physical details |
illustrations (chiefly color) ; |
| Dimensions |
23 x 25 cm |
| 504 ## - BIBLIOGRAPHY, ETC. NOTE |
| Bibliography, etc |
Includes bibliographical references (pages 211-215) and index. |
| 505 0# - FORMATTED CONTENTS NOTE |
| Formatted contents note |
Designing for a post-independence India -- Building a practice in Indira Gandhi's India -- Practicing in a neoliberal and global India. |
| 650 #0 - SUBJECT ADDED ENTRY--TOPICAL TERM |
| Topical term or geographic name as entry element |
Architectural practice |
| Geographic subdivision |
India |
| -- |
Mumbai |
| General subdivision |
History |
| Chronological subdivision |
20th century. |
| 650 #0 - SUBJECT ADDED ENTRY--TOPICAL TERM |
| Topical term or geographic name as entry element |
Architectural practice |
| Geographic subdivision |
India |
| -- |
Delhi |
| General subdivision |
History |
| Chronological subdivision |
20th century. |
| 650 #0 - SUBJECT ADDED ENTRY--TOPICAL TERM |
| Topical term or geographic name as entry element |
Architecture |
| Geographic subdivision |
India |
| -- |
Mumbai. |
| 650 #0 - SUBJECT ADDED ENTRY--TOPICAL TERM |
| Topical term or geographic name as entry element |
Architecture |
| Geographic subdivision |
India |
| -- |
Delhi. |
| 650 #0 - SUBJECT ADDED ENTRY--TOPICAL TERM |
| Topical term or geographic name as entry element |
Women architects |
| Geographic subdivision |
India. |
| 942 ## - ADDED ENTRY ELEMENTS (KOHA) |
| Source of classification or shelving scheme |
|